000 00783cam a2200253 4500500
005 20260405004104.0
041 _afre
042 _adc
100 1 0 _aLarmagnac-Matheron, Octave
_eauthor
700 1 0 _aOrtoli, Sven
_eauthor
245 0 0 _aTenir à l’Œil : Tolkien et la surveillance
260 _c2022.
500 _a91
690 _aAnneau
690 _aHeroic fantasy
690 _aMythe
690 _aMythes
690 _aŒil
690 _aSeigneur des Anneaux
690 _aSurveillance
690 _aTolkien
786 0 _nPhilosophie magazine - Hors séries | Hors série - Été-Autome 2022 | HS54 | 2022-07-01 | p. 27-28 | 2104-9246
856 4 1 _uhttps://shs.cairn.info/magazine-philosophie-magazine-2022-hs54-page-27?lang=fr&redirect-ssocas=7080
999 _c2073615
_d2073615